[Event "Dortmund SuperGM 33rd"]
[Site "Dortmund"]
[Date "2005.07.09"]
[Round "2"]
[White "Sutovsky, Emil"]
[Black "Kramnik, Vladimir"]
[Result "1-0"]
[WhiteElo "2674"]
[BlackElo "2744"]
[Annotator "Erenburg,S"]
[PlyCount "101"]
[EventDate "2005.07.07"]
[EventType "tourn"]
[EventRounds "9"]
[EventCountry "GER"]
[EventCategory "19"]
[SourceTitle "CBM 108"]
[Source "ChessBase"]
[SourceDate "2005.09.26"]
[SourceVersion "1"]
[SourceVersionDate "2005.09.26"]
[SourceQuality "1"]

{[%mdl 64]} 1. e4 e5 2. Nf3 Nc6 3. Bb5 Nf6 4. d3 d6 5. O-O (5. c3 Bd7 6. O-O g6
7. Nbd2 Bg7 8. Re1 O-O 9. Nf1 Nh5 10. Ba4 Qe8 11. Bb3 Kh8 {---> 1-0 Morozevich,
A-Krasenkow,M/Plovdiv 2003/CBM 098/[Ftacnik] (60)}) 5... g6 6. d4 $5 {White
loses a tempo, playing twice with the same pawn. But, in this particular
position he has a development advantage and he can play aggressively. In this
way, Emil gets a space advantage.} (6. c3 {is main line. See 5.c3}) 6... Bd7 7.
Re1 {Other continuations look less promising:} (7. Nc3 exd4 8. Nd5 Bg7 9. Re1
Ne5 10. Bxd7+ Nfxd7 11. Nxd4 O-O 12. c3 c6 13. Ne3 Nc5 $11 {1/2-1/2 Kupreichik,
V-Mokry,K/Rimavska Sobota 1990/CBM 20 ext (37)}) (7. dxe5 Nxe5 8. Nc3 Bg7 9.
Bg5 Bxb5 10. Nxb5 Ned7 11. Re1 O-O 12. Qd2 Re8 13. Nc3 Nc5 14. Rad1 Qc8 15.
Bxf6 Bxf6 16. Nd5 Bg7 17. Qf4 Ne6 18. Nf6+ Bxf6 19. Qxf6 Qd8 20. Qc3 Re7 21. g3
Rd7 22. Rd5 Qe7 23. e5 Rad8 24. Red1 dxe5 25. Qxe5 Rxd5 26. Rxd5 c6 {1/2-1/2
Wang Hao-Zhang Zhong/Xiapu CHN 2005/The Week in Chess 555 (26)}) 7... Bg7 ({
Another possible continuation is} 7... Nxd4 8. Nxd4 exd4 9. Bxd7+ Qxd7 10. Qxd4
Bg7 11. e5 $5 Qe6 12. Nc3 (12. Bd2 $5) (12. Qb4 $5) 12... O-O 13. Bh6 dxe5 14.
Rxe5 Qb6 15. Qxb6 axb6 16. Bxg7 Kxg7 17. Re7 Rac8 18. Rd1 Rfd8 19. Rxd8 Rxd8
20. Rxc7 Rd2 21. f3 Rxc2 22. Rxb7 Rxb2 23. a4 g5 24. g4 Rb3 25. Rc7 Nd7 26.
Rxd7 {1/2-1/2 Rozentalis,E-Koziak,V/Dzwirzyno 2004/CBM 102 ext (26)}) 8. d5 {
White gets a space advantage on the queenside. Actually, in positions with
Indian pawn structure, White is interested to exchange light-squared bishops.
The alternatives are:} (8. Bxc6 $6 Bxc6 9. dxe5 Nxe4 10. Qd3 dxe5 $1 11. Rxe4
Bxe4 12. Qxe4 Qd1+ 13. Qe1 O-O-O 14. Nc3 Qxc2 $15 {[%mdl 8] 0-1 Guseinov,
G-Aleksandrov,A/Batumi 2002/CBM 090/[Wedberg] (44)}) (8. dxe5 Nxe5 9. Bxd7+
Qxd7 10. Bg5 O-O 11. Nxe5 dxe5 12. Qxd7 Nxd7 $11 {1-0 Kupreichik,V-Levin,F/
Germany 1995/GER-chT2 (58)}) (8. Nc3 Nxd4 9. Nxd4 exd4 10. Qxd4 O-O 11. Qd3) (
8. c3 O-O 9. Ba4 Qe8 10. Bc2 Bg4 11. d5 Ne7 12. Nbd2 Nh5 13. a4 Bh6 14. a5 Bxd2
15. Bxd2 f5 $13 {0-1 Hamdouchi,H-Kayumov,S/Abu Dhabi 2004/CBM 103 (49)}) 8...
Ne7 9. Bxd7+ Nxd7 {Black takes with the knight, in order to prepare f7-f5
counterstrike. White's main plan in such pawn structure is of course
development of initiative on the queenside by c2-c4, b2-b4 with following
c4-c5. In opposite, Black creates counterplay on the kingside, pushing forward
kingside pawns.} 10. Be3 $146 {In the previous game White continued} (10. a4
O-O 11. a5 a6 12. c4 h6 13. Ra3 f5 14. b4 Nf6 15. Nbd2 Qd7 16. Qc2 g5 17. h3
Rac8 18. exf5 Qxf5 19. Qa2 $14 {1/2-1/2 Morozevich,A-Georgiev,K/Mallorca 2004/
CBM 104 no vc (71)}) 10... f5 {Black decides to attack white's centre
immediately. Other possibilities are:} (10... O-O 11. c4 h6 (11... f5 12. Ng5)
12. Qd2 $14 {[%cal Gb1c3]}) (10... h6 11. c4 f5 12. Nc3 O-O 13. b4 $14) 11. Ng5
$1 {[%cal Gg5e6] emphasizing the background of Black's previous move.} Nf8 12.
exf5 gxf5 ({In case of the capture with the knight,} 12... Nxf5 $14 {[%csl Ye4]
White will get an important outpost e4.}) 13. f4 $1 {opening up the game,
using Black's king vulnerable position.} Qd7 (13... exf4 14. Bd4 $36) ({
Worth consideration immediate} 13... Neg6 $5) 14. c4 Neg6 {[%cal Gh7h6]
preparing to drive away white's knight from active position.} (14... h6 $2 15.
Qh5+ $16 {[%cal Yg5e6]}) 15. Nc3 h6 16. Nf3 e4 {Black closes the centre, as
his king is not safed yet.} 17. Nd4 h5 $1 {preventing the occupation of h5
square by White's queen.} (17... O-O-O {is too dangerous:} 18. Ncb5 a6 19. Na7+
$1 Kb8 20. Ndc6+ Ka8 (20... bxc6 21. dxc6 $18 {[%cal Gd1b3]}) 21. Nxd8 Qxd8 22.
Qa4 $16) {Black's position is not bad at all from strategical point of view.
But, his monarch is still in the centre. That's why White should play
aggressively.} 18. Ncb5 {[%csl Yb5][%cal Gd4f5,Gd4e6,Yb5c7]} Kf7 ({Worse is} 
18... a6 19. Nxf5 Bxb2 (19... axb5 20. Nxg7+ Qxg7 21. Bd4 Qf7 22. Bxh8 Nxh8 23.
Rxe4+ Kd8 24. Qb3 $16) 20. Qa4 Kd8 21. Rab1 $16) {Otherwise, Black would drive
away the knight from b5 with a7-a6.} 19. Ne6 $1 {[%mdl 128] White sacrifices
the pawn, but makes black's king position vulnerable still more.} Nxe6 20.
dxe6+ Kxe6 21. Qd5+ Ke7 22. c5 {[%mdl 640] looks logical and nice, but,
probably, not the best continuation.} ({Simple and strong was} 22. Rad1 $1 a6 (
22... b6 23. Nxc7 Qxc7 24. Qxf5 $18) (22... Rhd8 23. Qxb7 c6 24. Qxd7+ Rxd7 25.
Nxd6 Ke6 (25... Rxd6 26. Bc5 Rad8 27. Rxd6 Rxd6 28. Rd1 $18) 26. Nxf5 $18) (
22... c6 23. Qxd6+ Qxd6 24. Nxd6 $16 {[%cal Gd6f5,Gd6b7,Ye3c5]}) 23. Nxc7 Qxc7
24. Qxf5 Nf8 25. Bf2 $18 {[%cal Gf2h4,Ye1e4]}) ({Deserves serious attention as
well:} 22. Nxc7 Qxc7 23. Qxf5 Nf8 24. Bf2 $1 Nd7 25. Qxe4+ (25. Bh4+ Bf6 26.
Rxe4+ Kf7 {[%cal Gc7c5]} 27. Kh1 $1 $13) 25... Kf8 26. Qe7+ Kg8 27. Rad1 Rh6
28. Re6 $44) (22. Qxb7 Rhb8 $132 {[%cal Ga7a6]} (22... c6 23. Nxd6 Qxb7 24.
Nxb7 Bxb2 $11)) 22... c6 (22... Qc6 {looks very dangerous, in view of} 23.
cxd6+ (23. Qxf5 Nh4 (23... d5 24. Nd4 $16) 24. Qh3 Qxb5 25. Qxh4+ Bf6 26. cxd6+
cxd6 27. Qf2 $13) (23. Nxc7 Qxd5 (23... Qxc7 24. cxd6+ $18) 24. Nxd5+ Kd7 25.
Rad1 $36) 23... cxd6 24. Qb3 $40 {[%cal Ga1c1,Ya1d1]}) 23. cxd6+ ({Of course,
the exchange of the queens is not a part of the White's plan...} 23. Qxd6+ Qxd6
24. Nxd6 Ke6 25. Rad1 Rab8 $11) 23... Kf8 ({Worse is} 23... Kd8 24. Qb3 cxb5
25. Rac1 $40) 24. Qb3 cxb5 25. Rac1 $44 {[%cal Gc1c7]} Qf7 {The only move.
Black makes possible the transfer of his monarch to h7 via g8.} (25... Qxd6 {
loses immediately:} 26. Red1 (26. Bc5 Bd4+) 26... Qf6 27. Rc7 {[%cal Ye3c5]}
Ne7 28. Bc5 $18) 26. Qxb5 a6 (26... Rd8 27. Rc7 Qe6 28. Qxb7 Bh6 29. Rec1 $18 {
[%cal Gc7c8]}) 27. Qb6 {threatening with d6-d7.} Kg8 ({Black should have played
} 27... Bf6 $1 {, but for human player it is not so easy to leave the king on
the 8-th rank...} 28. Rc7 Qe6 29. Rd1 (29. Qxb7 Rd8 30. Bc5 $2 Nxf4 $19) 29...
Rd8 30. Qxb7 Rg8 $15 {[%cal Yg8g7]}) 28. Red1 Kh7 $2 {After this move, Black
cannot neutralize White's initiative without material loses.} ({Better was} 
28... Bf6 $1 29. Rc7 Qe6 30. Qxb7 Rd8 31. Rd2 $44 (31. Qxa6 Rh7 32. Rxh7 Kxh7
$15)) 29. Rc7 Qf8 30. Bd4 Rg8 31. Qxb7 {threatening to take on g7.} e3 {
Other moves lose immediately:} (31... Nxf4 32. Rf7 Rb8 33. Qd7 $18) (31... Rd8
32. Rf7 $18) (31... Rb8 32. Bxg7 Rxb7 33. Bxf8+ Rxc7 34. dxc7 Rxf8 35. Rd8 $18)
{[%tqu "En","Please find the strongest continuation for white.","","","c7f7",
"",10]} 32. Rf7 $1 ({White cannot win the rook immediately:} 32. Bxg7 $4 Rxg7
33. Rxg7+ Qxg7 34. Qxa8 e2 35. Re1 Qd4+ 36. Kh1 Qf2 $19) 32... Rb8 (32... e2
33. Re1 Rb8 34. Qd7 Rd8 35. Qxf5 $18) 33. Qd7 Rd8 (33... Kh6 {doesn't change
anything:} 34. Rxf8 e2 35. Bxg7+ Rxg7 36. Re1 Rxd7 37. Rxb8 Rxd6 38. g3 $18)
34. Qxf5 Qxf7 35. Qxf7 $18 Rxd6 36. Kf1 {bringing the king to e2.} Nxf4 37.
Qf5+ Rg6 38. Qxf4 {The simplest way to win the game.} Rf8 39. Qxf8 Bxf8 40.
Bxe3 {This endgame with two extra pawns is absolutely Winning for white. The
rest needs no comment.} Re6 41. Kf2 Kg6 42. Rd5 Be7 43. Bc5 Bf6 44. b3 Be5 45.
g3 h4 46. gxh4 Bxh2 47. h5+ Kh7 48. Kf3 Be5 49. Rd7+ Kh6 50. Kg4 Bg7 51. Rd6 {
Great victory by Emil!} 1-0

[Event "Dortmund SuperGM 33rd"]
[Site "Dortmund"]
[Date "2005.07.17"]
[Round "9"]
[White "Bacrot, Etienne"]
[Black "Kramnik, Vladimir"]
[Result "1-0"]
[WhiteElo "2729"]
[BlackElo "2744"]
[Annotator "Gavrikov,V"]
[PlyCount "111"]
[EventDate "2005.07.07"]
[EventType "tourn"]
[EventRounds "9"]
[EventCountry "GER"]
[EventCategory "19"]
[SourceTitle "CBM 108"]
[Source "ChessBase"]
[SourceDate "2005.09.26"]
[SourceVersion "1"]
[SourceVersionDate "2005.09.26"]
[SourceQuality "1"]

1. d4 Nf6 2. c4 e6 3. Nc3 Bb4 4. Nf3 c5 5. g3 {A usual weapon of Bacrot
against the Nimzo-Indian Defence.} cxd4 6. Nxd4 Ne4 7. Qd3 Bxc3+ ({In my
opinion this continuation is much stronger than the mostly played} 7... Qa5 {
because it always allows Black to obtain at least an adequate counterplay
thanks to the weaknesses in White's pawn structure.}) 8. bxc3 Nc5 9. Qf3 ({
Otherwise Black solves all problems by b6 and Bb7. For example:} 9. Qd2 b6 10.
Nb5 O-O 11. Nd6 Bb7 12. Nxb7 Nxb7 13. Ba3 Re8 14. Rd1 {Rogozenko-Gavrikov,
Internet rapid,2004,} (14. Bg2 Nc6 15. O-O Qc7 16. Rfd1 Rad8 17. Bd6 Qc8 18.
Rab1 Nca5 19. Bxb7 Nxb7 20. Qf4 Qc6 $15 {1/2-1/2 Bang,A-Horvath,S/Copenhagen
1986/EXT 97 (42)}) {and now correct was} 14... Nc6 $1 15. Qxd7 $140 $2 Qf6 16.
Qd3 (16. Rc1 Nba5) 16... Rad8 17. Qf3 Rxd1+ 18. Kxd1 Rd8+ 19. Kc2 (19. Kc1 $2
Qg5+ 20. Qf4 Qa5 21. Kb2 Nc5 22. Bxc5 bxc5 $19) 19... Qg6+ 20. e4 Qg5 {with
dangerous attack.}) 9... d6 10. Bg2 Bd7 $146 {Black is planning Bc6 but the
drawback of this innovation is the loss of time.} ({Perhaps Kramnik had no
confidence in the theoretical line} 10... Nbd7 11. O-O Ne5 12. Qf4 Bd7) ({
but I can suggest another, even easier way to equality:} 10... e5 $5 $146 11.
Nb3 (11. Nf5 Bxf5 12. Qxf5 Nbd7 $132) 11... Nba6 (11... Nbd7 12. O-O Qc7 13.
Rd1 Nb6 14. Nxc5 dxc5 $13) 12. Be3 Qc7 13. Nxc5 (13. Rd1 Na4) 13... Nxc5 14.
Rd1 Be6 $1 15. Bxc5 dxc5 16. Qxb7 Qxb7 17. Bxb7 Rb8 18. Bd5 (18. Bc6+ Ke7 19.
Bb5 a6 20. Bxa6 Ra8 21. Bb5 Rxa2 $44) 18... Rb2 19. Bxe6 fxe6 20. Rd2 Rb1+ 21.
Rd1 Rb2 {with repetition of moves.}) 11. O-O Bc6 12. Qg4 O-O 13. Bh6 $1 {
Forcing the black queen to leave the unprotected the d6-pawn.} Qf6 14. Bg5 Qg6
15. Nxc6 Nxc6 16. Qh4 f6 ({Black has to reckon with Bxc6 and Be7,e.g.} 16...
Qc2 17. Bxc6 bxc6 18. Be7 Rfe8 19. Bxd6 Nb7 20. c5 Qxe2 21. Rfe1 (21. Rab1 Nxd6
22. cxd6 Rad8 23. Rb7 Qd3 $1 (23... Rxd6 $4 24. Qe7 $1) 24. Qf4 Rf8 $11) 21...
Qd3 22. Qb4 Nxd6 23. cxd6 Red8 24. Rad1 Qf3 25. c4 Rab8 26. Qa5 Rd7 27. Qc7 $1
Rbd8 28. Rb1 $1 h5 29. Rb8 Rxb8 30. Qxb8+ (30. Qxd7 Qc3 31. Rf1 Qxc4 32. Qc7 (
32. Qxa7 Rf8) 32... Rf8 33. d7 Qd3 34. h4 e5 $132) 30... Kh7 31. c5 Qc3 32.
Qb1+ g6 33. Qc1 {with better prospects for White}) ({another possibility was} 
16... Rac8 17. Rfd1 f6 {when} 18. Be3 (18. Bf4 $143 Ne5 19. Be3 Rfd8 20. Bxc5
Rxc5 21. Be4 Qh6 22. Qxh6 gxh6 23. Bxb7 Nxc4) 18... Rfd8 19. Bxc5 dxc5 20. Be4
(20. Bxc6 bxc6 21. Qf4 e5 22. Qe3 Qc2 23. Rxd8+ (23. Rdc1 Qd2) 23... Rxd8 24.
Qxc5 Qxe2 25. Qe7 Qd2 26. Qe6+ Kh8 27. Qxc6 Qb2 28. Rf1 Qxa2 29. Qc7 Qd2 (29...
Rg8 30. c5) 30. Ra1 h6 $1 (30... e4 $143 31. Qe7) 31. c5 Rd7 32. Qb8+ Rd8 33.
Qxa7 Qxc3 34. Rb1 Rc8 35. Rb8 Qe1+ 36. Kg2 Qe4+ $11) 20... Qh6 21. Qxh6 gxh6
22. Rxd8+ (22. Bxc6 $143 Rxd1+ 23. Rxd1 Rxc6 $1 24. Rd8+ Kf7 25. Rd7+ Kg6 26.
Rxb7 Ra6 27. Rb2 Ra4 $11) 22... Rxd8 (22... Nxd8 $2 23. Rd1) 23. Bxc6 ({
it seems that Black is able to maintain the balance after} 23. Rb1 Na5 24. Bxb7
Rb8 25. Be4 Rxb1+ 26. Bxb1 Nxc4) 23... bxc6 24. Rb1 Rd2 25. Rb8+ Kf7 26. Rb7+
Kg6 27. Rxa7 Rxe2 28. Ra5 e5 (28... Kf7) 29. Kf1 Rc2 30. a4 Rxc3 31. Rxc5 Ra3
32. a5 Ra2 {leads to the endgame with slight edge for White, but the most
probable result is draw.}) 17. Be3 Rfd8 ({Deserved attention} 17... Na5 {
(/\ Rac8,b6)} 18. Rfd1 Rfd8 {intending to meet} 19. Rd2 (19. Rab1 Rac8) (19.
Bxc5 dxc5 20. Be4 Qh6 21. Qxh6 gxh6 22. Rab1 f5 23. Rxd8+ Rxd8 24. Bxb7 Rb8 25.
Be4 Rxb1+ 26. Bxb1 Nxc4 $13) {with} 19... Qf7 20. Rad1 g5 (20... Qe7 21. Qf4)
21. Qd4 Rac8 22. f4 (22. h4 Nd7 $5 $13) 22... Nc6 23. Bxc6 bxc6 24. fxg5 f5 25.
Rb2 e5 26. Qd2 (26. Qh4 Ne4 $44) 26... Ne4 27. Qd3 d5 28. cxd5 cxd5 29. Rb3 Rd7
$132) 18. Rab1 $1 Qf7 $2 {After this mistake Black´s position becomes very
difficult.} ({It was necessary to parry the threat of Bxc5 by} 18... Rab8 19.
Rb5 (19. Bxc5 dxc5 20. Be4 Qh6 (20... f5 $2 21. Bxc6 bxc6 22. Qe7) 21. Qxh6
gxh6 22. Rb5 (22. Bxc6 bxc6 $11) 22... Ne5 23. Rxc5 Rd7 24. f4 b6 25. Rb5 Nxc4
26. f5 Nd2 27. fxe6 Rd6 28. Rf4 Nxe4 29. Rxe4 Re8 $11) 19... Qe8 $1 (19... a6
$143 20. Rb6 Na4 $140 $6 21. Rxb7 $1) 20. Bxc5 dxc5 21. Rxc5 Rd2 {with equal
play.}) 19. Bxc6 bxc6 20. Bxc5 dxc5 21. Qe4 e5 22. Rb2 $1 {Now White seizes
the b-file which is much more important than d-file because can be used for
invasion in Black´s camp.} Rab8 23. Rfb1 Rxb2 24. Rxb2 Qd7 25. Kg2 Re8 26. Qe3
Qe7 27. a4 $1 {[%cal Ga4a6,Gb2b7]} g6 $2 {Black is doomed to passivity and
cannot prevent the threatening penetration of white rook. However the text
makes White´s task easier.} ({Black should have tried} 27... e4 28. a5 Qe5 29.
Rb7 Re7 30. a6 (30. Rxe7 Qxe7 31. Qf4 Qe5 32. Qxe5 fxe5 $11) 30... Kf7) 28. a5
Rd8 $2 (28... Rc8 $142 29. a6 Rc7) 29. a6 Rd7 30. Rb8+ Kg7 31. Rc8 Qd6 32. Qe4
f5 (32... Rc7 33. Rxc7+ Qxc7 {allows} 34. Qb1 $1 Qf7 35. Qb7) 33. Qxc6 Qxc6+
34. Rxc6 Kf7 35. f4 $1 {White needs to activate his king.} exf4 36. gxf4 Re7
37. Kf3 Ke8 38. Rxc5 Kd7 39. Re5 Rxe5 ({In the event of} 39... Rf7 40. Rb5 Kc6
{White wins by} 41. e4 fxe4+ 42. Kxe4 Re7+ 43. Kf3 Rd7 44. h4 $1 Rd3+ 45. Kg4
h5+ (45... Rxc3 46. Rb7) 46. Kg5 Rg3+ 47. Kh6 Rg4 48. Rg5 Rxh4 49. Rxg6+ Kc5
50. f5) 40. fxe5 g5 41. c5 h6 42. c4 h5 (42... Kd8 43. c6 Kc7 44. c5 Kxc6 45.
e6 Kc7 46. Ke3 h5 47. Kd4 $18) 43. h4 $1 g4+ 44. Kf4 Ke6 45. c6 Ke7 46. c5 Ke6
47. c7 Kd7 48. e6+ Kxc7 49. e3 Kc6 50. Ke5 $1 g3 51. e7 Kd7 52. Kf6 g2 53. c6+
Kc7 54. e8=Q g1=Q 55. Qd7+ Kb6 56. c7 1-0

[Event "EU-Cup 21st"]
[Site "Saint Vincent"]
[Date "2005.09.21"]
[Round "4.1"]
[White "Aronian, Levon"]
[Black "Kramnik, Vladimir"]
[Result "1/2-1/2"]
[WhiteElo "2724"]
[BlackElo "2744"]
[Annotator "Stohl,I"]
[PlyCount "169"]
[EventDate "2005.09.18"]
[EventType "team-swiss"]
[EventRounds "7"]
[EventCountry "ITA"]
[SourceTitle "CBM 110"]
[Source "ChessBase"]
[SourceDate "2006.01.31"]
[SourceVersion "1"]
[SourceVersionDate "2006.01.31"]
[SourceQuality "1"]
[WhiteTeam "Tomsk 400"]
[BlackTeam "Paris NAO"]
[WhiteTeamCountry "RUS"]
[BlackTeamCountry "FRA"]

1. Nf3 Nf6 2. c4 b6 3. g3 c5 4. Bg2 Bb7 5. O-O g6 6. d4 cxd4 7. Qxd4 Bg7 8. Nc3
d6 9. Rd1 Nbd7 10. Be3 Rc8 11. Rac1 O-O 12. Qh4 a6 13. b3 Rc7 14. Bh3 Qb8 15.
g4 e6 {Taking the d5-square under control is Black's best option, the P-d6 is
indirectly defended.} (15... Nc5 $6 16. g5 Nfe4 17. Nxe4 Bxe4 18. Bxc5 Bxf3 19.
Bxd6 exd6 20. exf3 $16 {Filippov,V-Van Wely,L/FIDE WCh Tripoli/2004/}) (15...
b5 $6 16. g5 Nh5 17. Nd5 Bxd5 18. cxd5 Nc5 (18... Bb2 $142 $16) 19. Bg4 b4 20.
Bxh5 gxh5 21. Rc4 a5 22. Qxh5 $18 {Fancsy,I-Anka,E/HUN-chT 0203/2003/}) (15...
Qa8 16. g5 Ne4 17. Nxe4 Bxe4 18. Nd2 Bc6 19. Bxd7 Rxd7 20. Bxb6 $14 {Pogorelov,
R-Colovic,A/Balaguer/2003/}) 16. g5 (16. Rxd6 Rxc4 17. Rdd1 Rc7 $11) 16... Ne8
{[%cal Yb6b5] /\b5<=>} (16... Nh5 17. Bg4 b5 18. Bxh5 gxh5 19. Ne4 $5 $36 (19.
Qxh5 bxc4 {Van Wely,L-Grischuk,A/Internet blitz/2004/} 20. b4 $5 $13 {Magomedov
})) 17. Bg2 $146 {[%mdl 8]} (17. Ne4 b5 18. cxb5 (18. Bg2 {-17.Bg2}) 18... axb5
19. Bd4 Rxc1 20. Rxc1 Qa8 21. Bxg7 {Sorokin,M-Sadvakasov,D/Moscow Aeroflot
2005/} Nxg7 $1 $13 {/=/+}) (17. Nd4 Ba8 18. Qg3 Qc8 19. Bxe6 $2 (19. Nxe6 fxe6
20. Bxe6+ Kh8 21. Bxb6 Qb7 22. Bd5 Qxb6 23. Bxa8 Be5 $13) 19... Bxd4 20. Bxd7
Qb7 21. Nd5 Bxe3 22. Qxe3 Rxd7 23. Qxb6 f6 $17 {Tratar,M-Babula,V/AUT-chT 0506/
2006/}) (17. Bd4 {White wants to prevent b5, the extra benefit of this move in
comparison with the other alternatives is it limits the Bg7.} b5 (17... Bxf3
18. exf3 Be5 $5 $132) 18. Bxg7 Nxg7 19. cxb5 Rfc8 20. Qb4 Rc5 (20... Bxf3 $142
21. exf3 Rc5 $13) 21. bxa6 Bxf3 22. Qxb8 Nxb8 23. exf3 Nxa6 24. Ne2 Rxg5+ 25.
Ng3 Rxc1 26. Rxc1 $14 {[%csl Ga2,Gb3] o^a,b, Rotstein,A-Estremera Panos,S/
Verona op/2006/}) 17... b5 18. Ne4 bxc4 19. bxc4 d5 $5 {[%mdl 64] Kramnik
chooses a radical solution of his problems with the passive Ne8. In the
following tactical complications Black can hold his own.} (19... Bxe4 20. Qxe4
Nc5 21. Qc2 $14 {[%csl Rd6,Re8] ><d6,Ne8}) 20. cxd5 Bxd5 21. Nc5 Nxc5 (21...
Qc8 $5 22. Nxd7 (22. Qb4 Nxc5 23. Bxc5 Nd6 $132) 22... Qxd7 (22... Rxc1 23.
Bxc1 Qxd7 24. Ba3 $16 (24. e4 $2 Qa4 $36)) 23. Bc5 (23. Rxc7 Nxc7 24. Bc5 Rc8
$11 {/\} 25. e4 Qa4) 23... Nd6 24. e4 Rfc8 25. exd5 Rxc5 $11) 22. Bxc5 Nd6 (
22... Bb2 $5 23. Rc2 (23. Qh6 Nd6 24. Rc2 Bg7 $11 (24... Nf5 25. Rxb2 Nxh6 26.
Rxb8 Rxb8 27. Bd6 $18)) 23... Qc8 (23... Qb5 $143 24. Nd4) 24. Rxb2 Rxc5 $132)
(22... Qc8 23. Ba3 $1 $16) 23. Rb1 (23. Qf4 Rfc8 $1 (23... Rc6 24. Bxd6 Qxd6
25. Qxd6 Rxd6 26. e4 Bb2 27. Rc2 Bxe4 28. Rxd6 Bxc2 29. Rd2 Rc8 30. Ne1 $18) (
23... Ne4 24. Bxf8 Rxc1 25. Qxc1 Nc3 26. Rd2 Qxf8 $14) 24. Qxd6 (24. Bxd6 $2
Rxc1 25. Bxb8 Rxd1+ 26. Bf1 Rc4 27. Qe3 Rcc1 $17) 24... Bf8 $11) 23... Qxb1 $1
{[%mdl 512] This sacrifice is forced, but Black's pieces are well coordinated
to hold the balance.} (23... Qd8 $2 24. Bb6 $16) 24. Rxb1 Rxc5 $44 25. Qa4 Ne4
26. Qxa6 Rc2 27. Qd3 (27. a4 Nc3 28. Re1 Ra8 29. Qd3 Be4 $44) 27... Rxa2 28.
Rc1 {Now the initiative even passes to Black, White should have probably
sought immediate activity.} (28. Ne5 $5 $11) 28... Rfa8 29. Ne1 (29. h4 Ra1 {
forces an unpleasant pin, so Aronian prefers to return the Q.}) 29... Rd2 30.
Bxe4 (30. Qh3 Rxe2 $36) (30. Qf3 Nc3 $15) 30... Rxd3 31. Bxd3 Ra4 32. h3 Bf8
33. Nf3 Kg7 34. Bb5 Ra5 {Black wins a P, but this won't be enough, as all the
P are on the >>.} (34... Ra2 $5 $15) 35. Bc6 Bxf3 36. exf3 $1 {[%csl Gf2,Gf3,
Gh3] A strong move. Although White's P are crippled, they are ideally placed
to prevent Black from creating a o^. Even in a R_|_ with 3P against 4P this is
the ideal structure for the defender.} Rxg5+ 37. Kf1 Ra5 38. Be4 Bc5 39. Bd3 e5
40. Rc4 f5 41. Rc2 {Aronian has to be patient and must sit tight.} Kf6 42. Bc4
Bd4 43. Kg2 Kg5 44. Bg8 h5 45. Bf7 Ra6 46. Kg3 Rb6 47. Kg2 Rb7 48. Be8 Re7 49.
Rc8 Rb7 50. Rc2 Rb8 51. Bf7 Kf6 52. Ba2 Ra8 53. Kg3 Ra3 54. Kg2 Kg5 55. Bf7 Ra7
56. Be8 Re7 57. Rc8 Re6 58. Kg3 h4+ 59. Kg2 Kf4 60. Bf7 Rf6 61. Rc7 Bb6 62.
Rc4+ Bd4 63. Bd5 Rb6 64. Rc2 g5 65. Re2 Ra6 66. Bb7 Rb6 67. Bd5 Ra6 68. Bb7 Ra3
69. Bd5 Rc3 70. Bb7 Bc5 71. Bd5 Rd3 72. Bc6 Rd6 73. Bb7 Bd4 74. Ba8 Bb6 75. Bb7
Rd4 76. Bc6 e4 {Without this Black can't make any progress, but White is
prepared for the break and his position remains impregnable.} 77. fxe4 fxe4 78.
Bb7 Rb4 79. Bc8 Ke5 80. Bg4 Rc4 81. Bh5 Kf4 82. Bg6 g4 {The last try...} 83.
Rxe4+ $1 {This ends Black's attempts, as his B doesn't control h1.} (83. hxg4
h3+ 84. Kxh3 Kf3 {would probably mean another round of torture in a R / R+B
_|_, as} 85. Rxe4 $4 Rc1 $1 {surprisingly costs White a whole R, or leads to
mate after} 86. Kh4 Bd8+ 87. g5 Rh1#) 83... Rxe4 84. Bxe4 Kxe4 85. hxg4 1/2-1/2

[Event "Moscow exh m"]
[Site "Moscow"]
[Date "2005.12.16"]
[Round "2"]
[White "Kramnik, Vladimir"]
[Black "Minkov, Andrey"]
[Result "1/2-1/2"]
[WhiteElo "2739"]
[BlackElo "2320"]
[PlyCount "38"]
[EventDate "2005.12.16"]
[EventType "match (rapid)"]
[EventRounds "2"]
[EventCountry "RUS"]
[SourceTitle "CBM 110 Extra"]
[Source "ChessBase"]
[SourceDate "2006.03.10"]
[SourceVersion "2"]
[SourceVersionDate "2006.03.10"]
[SourceQuality "1"]

1. Nf3 d5 2. d4 Nf6 3. c4 e6 4. Nc3 Be7 5. Bf4 O-O 6. e3 Nc6 7. Rc1 a6 8. h3
Bd6 9. Bg5 h6 10. Bxf6 Qxf6 11. cxd5 exd5 12. Nxd5 Qg6 13. Nc3 Kh8 14. Nh4 Qg5
15. Nf3 Qg6 16. Nh4 Qg5 17. Nf3 Qh5 18. Be2 Qg6 19. Bf1 Nb8 1/2-1/2